Statistics for Countries With the Lowest Percentage of Internet Users

Click here to take the quiz!

General Stats

  • This quiz has been taken 30 times
  • The average score is 7 of 10

Answer Stats

HintAnswer% Correct
12,1%Somalia
84%
11,4%Central African Republic
80%
13,6%Niger
80%
8%South Sudan
80%
~0%North Korea
76%
6,9%Eritrea
72%
13,3%Burundi
68%
14,9%Liberia
64%
8,5%Comoros
40%
14,6%Kiribati
28%

Score Distribution

Percentile by Number Answered

Percent of People with Each Score

Your Score History

You have not taken this quiz